000 00938cad a22002295a 4500
001 E148566
008 091005s2008 xxk f 000 0 eng d
035 _a(Sirsi) u148566
041 0 _aeng
050 0 4 _a658.404 $2 18
110 2 _aRoyal Institution of Chartered Surveyors
_94900
245 0 0 _aCDM co-ordinator services
_bfor use with the RICS Scotland standard form of consultant's appointment and RICS Scotland short form of consultant's appointment
260 _aCoventry
_bRICS
_c2008
300 _a[6p.]
_c30cm.
490 _aRICS Standard Form
520 _aProvides a checklist of CDM co-ordinator services. For use with the RICS Scotland standard form of consultant's appointment and RICS Scotland short form of consultants appointment.
521 _aAdvanced
590 _aKA
651 4 _aScotland
_y1999-
690 _aBUILT ENVIRONMENT-CONSTRUCTION MANAGEMENT-CONSTRUCTION DESIGN AND MANAGEMENT
942 _n0
_2ddc
999 _c110107
_d110107